El Derecho comercial y los desafíos de la modernización /
Enregistré dans:
| Auteur principal: | |
|---|---|
| Format: | Texte |
| Sujets: | |
| Tags: |
Ajouter un tag
Pas de tags, Soyez le premier à ajouter un tag!
|
MARC
| LEADER | 00000 a a2200000 04500 | ||
|---|---|---|---|
| 001 | 3791 | ||
| 003 | |||
| 040 | |||
| 100 | |a Piaggi, Ana I. | ||
| 245 | |a El Derecho comercial y los desafíos de la modernización / |c Ana I. Piaggi | ||
| 650 | |a DERECHO | ||
| 650 | |a DERECHO MERCANTIL | ||
| 650 | |a MODERNIZACION | ||
| 650 | |a CAMBIO SOCIAL | ||
| 650 | |a SOCIEDAD | ||
| 773 | |g volumen 15, número 1 (57); páginas 129-146 | ||
| 999 | |c 38087 |d 38087 | ||
